000 00454cam a2200193ua 4500
001 7238
005 20260515114156.0
008 141204n ii |||gr||||Z||||||eng
040 _cMAIN
041 _aeng
082 _a320
100 _aRao, V. V.,
_eAuthor.
245 1 _aAncient political thought
_cBy V. Venkata Rao
250 _a9th rev.
260 _aNew Delhi:
_bS. CHand,
_c1980.
300 _a174p.
653 _aPolitical thought
942 _cBK
999 _c6358
_d6358